1129 1677 1471 1800 1725 1226 1305 1253 1470 1120 1300 1014 1857 1528 1026 1451 1981 1889 1987 1564 1506 1866 1983 1860 1200 1034 1440 1479 1499 1206 1620 1681 1785 1051 1258 1483 1406 1575 1468 1841 1415 1168 1925 1151 1654 1948 1015 1874 1198 1572 1541 1220 1404 1336 1231 1541 1053 1502 1356 1401 1012 1283 1978 1827 1083 1633 1453 1572 1650 1731 1086 1528 1981 1118 1685 1347 1869 1724 1789 1021 1950 1496 1508 1260 1978 1037 1262 1204 1596 1581 1842 1978 1559 1556 1253 1219 1232 1607 1784 BCNSPRNW ULIB Ver.6.0+V

เปลี่ยนเป็นภาษาไทย

Change to English
 แสดงรายละเอียดบรรณานุกรม
  กลับหน้าหลัก

Brief Record : Get Marc (ISO 2709) : E-mail record : QR code < ปิดหน้าต่าง
LEADER : 00000nam 2200000uu 4500
001    13399126005
003     ULIB
008    180409s2013||||th 000 0 tha d
020    ^a9781408269930
050  4 ^aPE1116.N8^bW952E
100 1  ^aWright, Ros
245 10 ^aEnglish for nursing 1 :^bvocational English course book /^cRos Wright and Bethany cagnol ;with Maria Spada Symonds
260    ^aHarlow, Essex :^Pearson Education Limited,^c2013
300    ^a79 p. :^bill.+^e1 Compacdisc (4 3/4 in.)
650  4 ^aEnglish language^xConversation and phrase books (for nurse)
650  4 ^aCommunication in nursing
700 1  ^aCagnol, Bethany
700 1  ^aSymonds, Maria Spada,^eed.
856    ^a^zEnglish for nursing 1(10041435).pdf (สารบัญหนังสือ)^uhttp://61.19.69.198:80/ULIB//_fulltext/Content ::/13399126374/20150123123527_4682.pdf
945    ^p0^l0^i003422
999    ^aประนอม เกษจรัล
รายการนี้ยังไม่มีแท็ก
คุณยังไม่ได้ล็อกอิน คุณสามารถมีกิจกรรมร่วมกับเว็บไซต์ได้ แต่ต้องล็อกอินก่อน ::
  ล็อกอิน

รายการสื่อสารสนเทศ

ลำดับที่ ประเภท เลขเรียก/บาร์โค้ด สถานที่ สถานะ
1. วิทยาศาสตร์การแพทย์ และสุขภาพ
วิทยาศาสตร์การแพทย์ และสุขภาพ
สถานะ=หาย
PE1116.N8 W952E ฉ.1 
  Barcode: 003422
ห้องสมุดวิทยาเขตสวรรค์ประชารักษ์
►หนังสือทั่วไป
บนชั้น

รายการใกล้เคียง
    ผู้แต่ง [Wright, Ros]

    หัวเรื่อง [Communication in nursing]

BibComment


ยังไม่เคยถูกคอมเมนท์

คอมเมนท์ทรัพยากรรายการนี้
  คอมเมนท์: English for nurs..


 Copyright 2026. Bcnsprnw @Library